La negociación: un enfoque integral con específicas referencias a la negociación laboral
Na minha lista:
| Autor principal: | |
|---|---|
| Formato: | Livro |
| Idioma: | espanhol |
| Publicado em: |
Buenos Aires
Macchi
1990
|
| Assuntos: | |
| Tags: |
Adicionar Tag
Sem tags, seja o primeiro a adicionar uma tag!
|
MARC
| LEADER | 00000nam a2200000 a 4500 | ||
|---|---|---|---|
| 001 | UCK6816 | ||
| 003 | CL-VaPUC | ||
| 008 | 051021e19900000AG |||||||||||||||||spa|d | ||
| 020 | |a 9505371683 | ||
| 082 | 0 | 4 | |a 331.89 |b ALD |2 21 |
| 100 | 0 | |a Aldao Zapiola, Carlos Marcelo |e author |9 496279 | |
| 245 | 1 | 3 | |a La negociación: un enfoque integral con específicas referencias a la negociación laboral |
| 300 | |a 519 p | ||
| 942 | |c BK | ||
| 945 | |d 20051021 00:00:00 |a cmena | ||
| 260 | |a Buenos Aires |b Macchi |c 1990 | ||
| 650 | 0 | |a Negociación |9 307187 | |
| 650 | 7 | |a SINDICALISMO |2 CL-VaPUC |9 496280 | |
| 650 | 0 | |a Relaciones laborales |9 335971 | |
| 650 | 0 | |a Mediación |9 338396 | |
| 650 | 0 | |a Administración de empresas |9 260833 | |
| 583 | |a last modification |c 20051021 00:00:00 |k Rodrigo Vera | ||
| 999 | |c 314962 |d 314960 | ||
| 952 | |0 0 |1 0 |4 0 |6 331_890000000000000_ALD_1990 |7 0 |8 A |9 387795 |a BIBDER |b BIBDER |d 2019-11-22 |i 4176154 |o 331.89 ALD 1990 |p 4176154 |r 2023-01-25 |w 2019-11-22 |y BK |k DER | ||